Quantitative analysis for management / (Record no. 20574)
[ view plain ]
| 000 -LEADER | |
|---|---|
| fixed length control field | 00697nam a22002537a 4500 |
| 003 - CONTROL NUMBER IDENTIFIER | |
| control field | OSt |
| 008 - FIXED-LENGTH DATA ELEMENTS--GENERAL INFORMATION | |
| fixed length control field | 240522b2022 |||||||| |||| 00| 0 eng d |
| 020 ## - INTERNATIONAL STANDARD BOOK NUMBER | |
| International Standard Book Number | 9789353437459 |
| 082 ## - DEWEY DECIMAL CLASSIFICATION NUMBER | |
| Classification number | 658.403 |
| Item number | REN-Q |
| 100 ## - MAIN ENTRY--PERSONAL NAME | |
| Personal name | Render, Barry |
| 245 ## - TITLE STATEMENT | |
| Title | Quantitative analysis for management / |
| Statement of responsibility, etc | Barry Render....[et al.] |
| 250 ## - EDITION STATEMENT | |
| Edition statement | 13th |
| 260 ## - PUBLICATION, DISTRIBUTION, ETC. (IMPRINT) | |
| Place of publication, distribution, etc | Chennai : |
| Name of publisher, distributor, etc | Pearson, |
| Date of publication, distribution, etc | 2022. |
| 300 ## - PHYSICAL DESCRIPTION | |
| Extent / Pages | 628 p. ; |
| 650 ## - SUBJECT ADDED ENTRY--TOPICAL TERM | |
| Topical term or geographic name as entry element | Management - Statistical methods |
| 650 ## - SUBJECT ADDED ENTRY--TOPICAL TERM | |
| Topical term or geographic name as entry element | Management science |
| 650 ## - SUBJECT ADDED ENTRY--TOPICAL TERM | |
| Topical term or geographic name as entry element | Operations research |
| 650 ## - SUBJECT ADDED ENTRY--TOPICAL TERM | |
| Topical term or geographic name as entry element | Statistical decision |
| 700 ## - ADDED ENTRY--PERSONAL NAME | |
| Personal name | Star, Jr. Ralph M. |
| 700 ## - ADDED ENTRY--PERSONAL NAME | |
| Personal name | Hanna, Michael E. |
| 700 ## - ADDED ENTRY--PERSONAL NAME | |
| Personal name | Hale, Trevor S. |
| 700 ## - ADDED ENTRY--PERSONAL NAME | |
| Personal name | Badri, T. N. |
| 942 ## - ADDED ENTRY ELEMENTS (KOHA) | |
| Source of classification or shelving scheme | |
| Koha item type | Books |
| Withdrawn status | Lost status | Source of classification or shelving scheme | Damaged status | Not for loan | Home library | Current library | Date acquired | Source of acquisition | Currency | Cost, normal purchase price | Full call number | Barcode | Date last seen | Copy number | Bill Date | Koha item type | Bill Number |
|---|---|---|---|---|---|---|---|---|---|---|---|---|---|---|---|---|---|
| SOBD Library | SOBD Library | 11/04/2024 | Vedi Books | INR | 880.00 | 658.403 REN-Q1 | 005991 | 22/05/2024 | 1 | Reference Books | VEDI/24-25/04/12 | ||||||
| SOBD Library | SOBD Library | 11/04/2024 | Vedi Books | INR | 880.00 | 658.403 REN-Q2 | 005992 | 22/05/2024 | 2 | Books | VEDI/24-25/04/12 | ||||||
| SOBD Library | SOBD Library | 11/04/2024 | Vedi Books | INR | 880.00 | 658.403 REN-Q3 | 005993 | 22/05/2024 | 3 | Books | VEDI/24-25/04/12 | ||||||
| SOBD Library | SOBD Library | 11/04/2024 | Vedi Books | INR | 880.00 | 658.403 REN-Q4 | 005994 | 22/05/2024 | 4 | Books | VEDI/24-25/04/12 | ||||||
| SOBD Library | SOBD Library | 11/04/2024 | Vedi Books | INR | 880.00 | 658.403 REN-Q5 | 005995 | 22/05/2024 | 5 | Books | VEDI/24-25/04/12 | ||||||
| SOBD Library | SOBD Library | 11/04/2024 | Vedi Books | INR | 880.00 | 658.403 REN-Q6 | 005996 | 22/05/2024 | 6 | Books | VEDI/24-25/04/12 | ||||||
| SOBD Library | SOBD Library | 11/04/2024 | Vedi Books | INR | 880.00 | 658.403 REN-Q7 | 005997 | 22/05/2024 | 7 | Books | VEDI/24-25/04/12 | ||||||
| SOBD Library | SOBD Library | 11/04/2024 | Vedi Books | INR | 880.00 | 658.403 REN-Q8 | 005998 | 22/05/2024 | 8 | Books | VEDI/24-25/04/12 | ||||||
| SOBD Library | SOBD Library | 11/04/2024 | Vedi Books | INR | 880.00 | 658.403 REN-Q9 | 005999 | 22/05/2024 | 9 | Books | VEDI/24-25/04/12 | ||||||
| SOBD Library | SOBD Library | 11/04/2024 | Vedi Books | INR | 880.00 | 658.403 REN-Q10 | 006000 | 22/05/2024 | 10 | Books | VEDI/24-25/04/12 | ||||||
| SOBD Library | SOBD Library | 11/04/2024 | Vedi Books | INR | 880.00 | 658.403 REN-Q11 | 006001 | 22/05/2024 | 11 | Books | VEDI/24-25/04/12 | ||||||
| SOBD Library | SOBD Library | 11/04/2024 | Vedi Books | INR | 880.00 | 658.403 REN-Q12 | 006002 | 22/05/2024 | 12 | Books | VEDI/24-25/04/12 |